Superheroes And Villains By Picture!!! - Statistics

General Stats
  • This quiz has been taken 122 times
  • The average score is 30 of 38
Answer Stats
Picture Hint Answer % Correct
Bruce Wayne Batman
100%
Bruce Banner Hulk
100%
Tony Stark Iron Man
100%
Peter Parker Spider-Man
100%
Diana Prince Wonder Woman
100%
Barry Allen Flash
99%
Arthur Flek Joker
99%
Clark Kent Superman
99%
Kara Danvers Supergirl
98%
Steve Rogers Captain America
95%
God Of Thunder Thor
95%
Wade Wilson Deadpool
92%
Tim Drake Robin
92%
Teenage Groot
90%
Matt Murdock Daredevil
89%
Selina Kyle Catwoman
84%
TMNT Raphael
84%
Barbara Gordon Batgirl
83%
Carol Danvers Captain Marvel
83%
Stephen Strange Doctor Strange
83%
Logan Wolverine
83%
Norman Osborn Green Goblin
81%
Harl Quinzel Harley Quinn
79%
Peter Quill Star-Lord
79%
Billy Batson Shazam
77%
Mad Titan Thanos
75%
Ben Grimm Thing
74%
Arthur Curry Aquaman
70%
Norinn Radd Silver Surfer
70%
Rhodey War Machine
70%
The Incredibles Dash
68%
Sister Of Gamora Nebula
66%
Ororo Munroe Storm
61%
Leader Of Foot Clan Shredder
54%
Tanleer Tivan Collector
50%
Aleksei Red Guardian
43%
Mary Mary Marvel
34%
Big Hero Six Wasabi
29%
No matching quizzes found
Score Distribution
Percent of People with Each Score
Percentile by Number Answered
Your Score History
You have not taken this quiz